LEADER 01535nam a2200301 u 4500 001 000000009424 003 CaOOAMICUS 005 20070226105213.0 008 941010s1992 it u000 u ita u 020 $a88-343-0539-6 035 $a10236644 040 $aPUL(R)$bita 100 1 $aPrini, Pietro,$d1915-2008.$0(OLS)http://pul/name/5603 245 10$aPlotino e la fondazione dell'umanesimo interiore /$cPietro Prini. 250 $a3. ed. riveduta. 260 $a[Milano] :$bVita e pensiero,$c1992. 300 $a111 p. ;$c22 cm 490 1 $aPubblicazioni del Centro di ricerche di metafisica.$aCollana Temi metafisici e problemi del pensiero antico ;$v19 504 $a"Bibliografia e indici": p. [97]-107. 600 04$aPlotinus,$d203/6-270$xCritica e interpretazione.$0(OLS)http://pul/subject/7821 710 2 $aUniversità cattolica del Sacro Cuore. Sede di Milano.$bCentro di ricerche di metafisica.$0(OLS)http://pul/name/668 830 0$aPubblicazioni del Centro di ricerche di metafisica.$pCollana Temi metafisici e problemi del pensiero antico ;$v19.$0(OLS)http://pul/title/828 850 $aPUL 852 $aPUL$W1$xSL Filosofia 2$y80$mPhil A10b 19$j13345$nBK-PRI$b $qStampati altre collocazioni$B13345$CPULBib$Z2$F13345 $H $81 941 1 $a10 996 $6020$a88-343-0539-6$9(OLS)http://pul/number/12098 996 $6245$aPlotino e la fondazione dell'umanesimo interiore$9(OLS)http://pul/title/13837 996 $6260$a[Milano] :$bVita e pensiero$9(OLS)http://pul/publisher/49109 LEADER 01583nam a2200325 u 4500 001 000000108239 003 CaOOAMICUS 005 20071116095631.0 008 071116s2006 it u000 u ita u 020 $a88-348-6579-0 040 $aPUL$bita$dLDB 100 1 $aBettetini, Andrea,$d1963-$0(OLS)http://pul/name/35127 245 10$aCodice della famiglia e dei servizi sociali /$cA. Bettetini, C.M. Bianca, G. Grassani. 260 $aTorino :$bGiappichelli,$cc2006. 300 $axxxi, 791 p. ;$c24 cm. +$eCD-Rom 500 $aTesto su due colonne. 500 $aSulla cop.: CD-Rom contenente: Normativa sulla legislazione regionale. 504 $aBibliografia in nota. 650 4$aFamiglia (diritto)$zItalia.$0(OLS)http://pul/subject/7144 650 14$aServizi sociali$zItalia.$0(OLS)http://pul/subject/33701 700 1 $aBianca, Massimo Cesare.$0(OLS)http://pul/name/66378 700 1 $aGrassani, Goffredo.$0(OLS)http://pul/name/30056 850 $aPUL 852 $aPUL$W1$xSL Diritto e Scienze Sociali 3$y79$m348. 45 COD 7.1$j123270$qDDC 21$B122238$CPULBib$Z2$F122238 $H105456 $82 852 $aPUL$W1$xSL Diritto e Scienze Sociali 3$y79$m348. 45 COD 7.1CD$j123271$aCD-Rom$qDDC 21$B122239$CPULBib$Z2$F122239 $H105460 $82 900 $aBianca, Cesare Massimo$966378 941 1 $a9 996 $6020$a88-348-6579-0$9(OLS)http://pul/number/136236 996 $6245$aCodice della famiglia e dei servizi sociali$9(OLS)http://pul/title/136224 996 $6260$aTorino :$bGiappichelli$9(OLS)http://pul/publisher/48244